000 00877nam a2200241Ia 4500
003 OSt
005 20220923212005.0
006 a|||||r|||| 00| 0
007 ta
008 220922b |||||||| |||| 00| 0 hin d
024 _a77,818
037 _cTextual
040 _aARTS
_cARTS
_bhin
041 _2hin
_ahin
082 _aR693x7,1:g, 152N0
100 _aजैन, सागरमल
245 0 _aअनेकांत, स्याद्वाद और सप्तभंगी* एक चिन्तन
246 _aAnekāanta, syādvād aur saptabhangī: ek chintana
260 _aवाराणसी
_b पार्श्वनाथ विद्याश्रम शोध संस्थान
_c1990
300 _a43पृ.
_ccm.
942 _hR693x7,1:g, 152N0
_cTEXL
_2CC
999 _c305197
_d305197